Normal view
MARC view
Entry Personal Name
001 - CONTROL NUMBER
- control field: 5518
003 - CONTROL NUMBER IDENTIFIER
- control field: OSt
005 - DATE AND TIME OF LATEST TRANSACTION
- control field: 20190514115056.0
008 - FIXED-LENGTH DATA ELEMENTS
- fixed length control field: 190514|| aca||aabn | a|a d
040 ## - CATALOGING SOURCE
- Original cataloging agency: OSt
- Transcribing agency: OSt
100 ## - HEADING--PERSONAL NAME
- Personal name: Green-Pedersen, Christoffer et al
670 ## - SOURCE DATA FOUND
- Source citation: Work cat.: (OSt): Green-Pedersen, Christoffer et al, The agenda-setting power of the Prime Minister party in coalition governments , 2018
